Devine la voiture version rallye 2 - Statistiques

Statistiques générales
  • Ce quiz a été pris 189 fois
  • Le résultat moyen est 8 sur 16
Statistiques - réponses
Par images Réponse % Correct
Peugeot 206 WRC
83%
Ford Fiesta WRC
77%
Lancia Delta S4
63%
Volkswagen Polo WRC
63%
Citroën Ds3 WRC
62%
Renault Clio S1600
58%
Hyundai I20 R5
55%
Peugeot 208 R5
54%
Peugeot 208 Rally4
52%
Renault Megane Maxi
49%
Renault Clio Rally3
47%
Seat ibiza kit car
45%
Renault Twingo R2
43%
Fiat 131 abarth
38%
Toyota Yaris Rally1
30%
De tomaso Pantera
16%
Aucun quiz correspondant
Distribution des résultats
% des personnes avec chaque résultat
Percentile par nombre de réponses
Votre historique - résultats
Vous n’avez pas pris ce quiz